[Event "Ghent Taminco op 35th"]
[Site "Ghent"]
[Date "2012.07.15"]
[Round "4"]
[White "De Saegher, Victor"]
[Black "Bruggeman, M."]
[Result "1-0"]
[WhiteElo "1717"]
[BlackElo "1085"]
[PlyCount "39"]
[EventDate "2012.07.14"]
[EventType "swiss"]
[EventRounds "9"]
[EventCountry "BEL"]
[SourceTitle "CBM 149 Extra"]
[Source "ChessBase"]
[SourceDate "2012.08.24"]
[SourceVersion "1"]
[SourceVersionDate "2012.08.24"]
[SourceQuality "1"]

1. e4 e6 2. d4 d5 3. exd5 exd5 4. Bd3 Nf6 5. Bf4 Bb4+ 6. c3 Ba5 7. Nf3 0-0 8. 0-0 Bg4 9. Nbd2 Nbd7 10. Qc2 g6 11. h3 Bxf3 12. Nxf3 Re8 13. Rae1 c5 14. dxc5 Nxc5 15. Bg5 Ne6 16. Bh4 Bb6 17. Qd2 Kg7 18. Ne5 Qe7 19. Ng4 Ne4 20. Qh6+ 1-0